Statistics for All Mason Ramsey Songs

Click here to take the quiz!

General Stats

  • This quiz has been taken 10 times
  • The average score is 10 of 12

Answer Stats

AlbumSong% Correct
TwangBefore I Knew
100%
TwangPuddle of Love
100%
TwangTwang
100%
FamousFamous
88%
TwangHow Could I Not
88%
FamousLovesick Blues
88%
TwangOn My Way
88%
FamousYo Da Lady Who
88%
FamousJambalaya (On the Bayou)
75%
SingleWhite Christmas
75%
FamousI Saw the Light
63%
FamousThe Way I See It
63%

Score Distribution

Percentile by Number Answered

Percent of People with Each Score

Your Score History

You have not taken this quiz